书目信息 |
| 题名: |
中国式摔跤竞赛规则
|
|
| 作者: | ;国家体育运动委员会审定室 审定 | |
| 分册: | ||
| 出版信息: | 北京 人民体育出版社 1979 |
|
| 页数: | 41页 | |
| 开本: | 13cm | |
| 丛书名: | ||
| 单 册: | ||
| 中图分类: | G886.24 | |
| 科图分类: | ||
| 主题词: | 中国式摔跤-竞赛规则--1979 , 竞赛规则-中国式摔跤--1979 | |
| 电子资源: | ||
| ISBN: | ||
| 000 | 00747nam0 2200241 45 | |
| 001 | 0179003883 | |
| 005 | 20060819092901.40 | |
| 010 | @dCNY0.08 | |
| 091 | @aCN@b7015.1733 | |
| 100 | @a19950717d1979 em y0chiy0121 ea | |
| 101 | 0 | @achi |
| 102 | @aCN@b110000 | |
| 105 | @ay z 000yy | |
| 200 | 10 | @a中国式摔跤竞赛规则@Azhong guo shi shuai jiao jing sai gui ze@e1979@f国家体育运动委员会审定室审定 |
| 205 | @a4版 | |
| 210 | @a北京@c人民体育出版社@d1979 | |
| 215 | @a41页@d13cm | |
| 606 | @a中国式摔跤-竞赛规则@z1979 | |
| 606 | @a竞赛规则-中国式摔跤@z1979 | |
| 690 | @aG886.24@v3 | |
| 711 | 02 | @a国家体育运动委员会审定室@Aguo jia ti yu yun dong wei yuan hui shen ding shi@4审定 |
| 801 | 0 | @aCN@bTSSF@c20060819 |
| 905 | @a10447@dG886.24@e37=4 | |
| 中国式摔跤竞赛规则:1979/国家体育运动委员会审定室审定.-4版.-北京:人民体育出版社,1979 |
| 41页;13cm |
| ISBN :CNY0.08 |
| ● |
| 相关链接 |
|
|
|
|
正题名:中国式摔跤竞赛规则
索取号:G886.24/37=4
 
预约/预借
| 序号 | 登录号 | 条形码 | 馆藏地/架位号 | 状态 | 备注 |
| 1 | 0469421 | 204694214 | 密集书库/ [索取号:G886.24/37=4] | 在馆 |